000 00727nam a22002057a 4500
005 2010072802202.0
010 _aENG-96993
020 _a9789380190235
_c450.00
035 _aEN-80526
037 _bDBAD/PUB
082 _a211
100 _aBhandari ,Arun Narayan
_93754
245 _aConcept of God :
_bIn philosophical theology /
_cby Arun Narayan Bhandari
260 _aNew Delhi
_bSatyam Publishing House
_c2010
270 _aN-3/25, Mohan Garden, Uttam Nagar,
_bNew Delhi
_e110059
300 _a179p.
_c21 cm( Hb)
500 _aincludes bibliographical refrences
942 _2ddc
_cEN
_h211
_mBHA
999 _c38128
_d38128